000
00204 a2200085 4500
020
_a
9781431021130
082
_a
ST 372.7 MATH
100
_a
Orson Roberts
_9
192016
245
_a
Mathematical Litercy NQF Level 3
999
_c
772440
_d
772439
942
_w
493
_x
Dumsane Maphangela
_y
493
_z
Dumsane Maphangela